000 00989nam a2200289Ia 4500
003 OSt
005 20220923214621.0
006 a|||||r|||| 00| 0
007 ta
008 220922b |||||||| |||| 00| 0 hin d
020 _c5
024 _a171,296
037 _cTextual
040 _aARTS
_cARTS
_bhin
041 _2hin
_ahin
082 _aO152,3N177,KK, K7;L7
100 _aमुक्तिबोध, गजानन माधव
245 0 _aकाठ का सपना
246 _aKāṭh kā sapanā
250 _aसंस्क0 2
260 _aदिल्ली
_b भारतीय ज्ञानपीठ
_c1977
300 _a164पृ.
_ccm.
490 _aलोकोदय ग्रंथमला ग्रन्थांक; 238
650 _aहिन्दी साहित्य
_9156264
942 _hO152,3N177,KK, K7;L7
_cTEXL
_2CC
999 _c325521
_d325521